000 00325 a2200121 4500
000 nam a22 7a 4500
005 20260211152733.0
020 _a9789360862886
100 _aNirmal Verma, Ed. Gagan Gill
_91115269
245 _aSansar Mein Nirmal Verma : Uttararddh
260 _bRajkamal Prakashan
_c2024
942 _cTEXL
999 _c1679350
_d1679350